Handbook of tropical soil management (Record no. 8539)
[ view plain ]
| 000 -LEADER | |
|---|---|
| fixed length control field | 00254nam a22001097a 4500 |
| 040 ## - CATALOGING SOURCE | |
| Transcribing agency | HS |
| 082 ## - DEWEY DECIMAL CLASSIFICATION NUMBER | |
| Classification number | 631 |
| 110 ## - MAIN ENTRY--CORPORATE NAME | |
| Corporate name or jurisdiction name as entry element | AGRICULTURE AND FORESTRY |
| 245 ## - TITLE STATEMENT | |
| Title | Handbook of tropical soil management |
| 260 ## - PUBLICATION, DISTRIBUTION, ETC. (IMPRINT) | |
| Place of publication | NA |
| Name of publisher | AGRICULTURE & FORESTRY |
| Year of publication | 2003 |
| 942 ## - ADDED ENTRY ELEMENTS (KOHA) | |
| Koha item type | សៀវភៅភាសាអង់គ្លេស |
| 952 ## - LOCATION AND ITEM INFORMATION (KOHA) | |
| Withdrawn status [LOCAL, KOHA] | 0 |
| 952 ## - LOCATION AND ITEM INFORMATION (KOHA) | |
| Withdrawn status [LOCAL, KOHA] | 0 |
| Permanent Location | Date acquired | Koha item type | Lost status | Shelving location | Barcode | Current Location | Full call number |
|---|---|---|---|---|---|---|---|
| Library Block C | 2016-08-03 | សៀវភៅភាសាអង់គ្លេស | C242 | RUA045358 | Library Block C | 631 AGR 2003 C242 | |
| Library Block C | 2016-10-12 | សៀវភៅភាសាអង់គ្លេស | C239 | RUA046029 | Library Block C | 631 NA 2003 C239 |